000 01096cab a2200301 4500
001 Z5901
008 090401t1994 xxu||||| |||| 00| 0 eng d
035 _a(Sirsi) u64046
041 _aeng
245 _aMineral development: government policy
260 _c1994
350 _a0
490 _aCSM (Chartered Surveyor Monthly)
_v3(9) June 1994, 46(1)
520 _aDescribes the Government`s mineral development policy, estimated to be worth over £16bn, including policies on coal, a planned review of the Mines Working Facilities Acts, minerals and land planning and industry assistance and government research.
650 _aBRITISH COAL
650 _aBRITISH GEOLOGICAL SURVEY
650 _aCOAL INDUSTRY BILL
650 _aGOVERNMENT POLICY
650 _aMINERAL DEVELOPMENT
650 _aMINERAL PLANNING
650 _aMINERALS EXPLORATION AND INVESTMENT GRANTS ACT 1972
650 _aMINERALS RECONNAISSANCE PROGRAMME
650 _aMINES WORKING FACILITIES ACTS
650 _aOPENCAST COAL ACT
690 _aMINING AND MINERALS
942 _n0
948 _c04/03/1997
999 _c39863
_d39863